000
00278nam a22001337a 4500
008
180904b xxu||||| |||| 00| 0 eng d
020
_a
9780131005068
041
_a
eng
080
_a
573
100
_a
11
101
_a
BIO
245
_a
Biology
_c
Audesirk, T
942
_2
udc
_c
BK
999
_c
47498
_d
47498